| 000 | 01676 a2200253 4500 | ||
|---|---|---|---|
| 001 | 2162214035926770 | ||
| 003 | UA-OsUOA | ||
| 005 | 20260428162327.0 | ||
| 008 | 260428b -cn||||| |||| 00| ddukr d | ||
| 020 | _a9781894865272 | ||
| 040 |
_aUA-OsUOA _beng _cUA-OsUOA _dUA-OsUOA |
||
| 041 | _aeng | ||
| 080 | _a821.161.2-2(082.21) | ||
| 090 |
_a821.161.2-2(082.21) _bA53 |
||
| 245 |
_aAn Anthology of Modern Ukrainian Drama _cComplited and edited by Larissa M. L. Zaleska Onyshkevych |
||
| 260 |
_aEdmonton _aToronto _bCanadian Institute of Ukrainian Studies Press _c2012 |
||
| 300 | _a521 p. | ||
| 520 | _aAn Anthology of Modern Ukrainian Drama, edited by Larissa M. L. Zaleska Onyshkevych, is a seminal collection that introduces English-speaking audiences to the rich and diverse world of Ukrainian playwriting. Spanning the 20th century, the volume features key works from the "Renaissance" of the 1920s to the contemporary period. The anthology showcases the evolution of Ukrainian drama through various movements, including Modernism, the Theatre of the Absurd, and Post-modernism. Each play is accompanied by expert introductions and biographical notes, providing essential historical and cultural context. This collection is an invaluable resource for scholars, students, and theater practitioners interested in Eastern European literature and the enduring spirit of Ukrainian cultural identity. | ||
| 650 |
_a82 Література. Літературознавство _915 |
||
| 700 | 1 |
_aZaleska Onyshkevych L. M. L. _925114 |
|
| 942 |
_cBK _2udc |
||
| 955 | _a3 | ||
| 999 |
_c580598 _d580598 |
||